Guess the Geometry Dash level - Statistics

General Stats
  • This quiz has been taken 161 times
  • The average score is 7 of 15
Answer Stats
Hint Answer % Correct
πŸ©ΈπŸ›€ BloodBath
91%
β˜ οΈπŸŒ‘ Death Moon
85%
πŸ§¨πŸŽ† Firework
76%
πŸ”ŠπŸŒŠ Sonic Wave
71%
8οΈπŸ…ΎοΈ 8o
70%
πŸ”ͺ🏑 SlaughterHouse
67%
πŸ”ŠπŸŒŠβ™ΎοΈ Sonic Wave Infinity
63%
βŒ›πŸ“  Time Machine
53%
πŸ€”πŸ’­πŸŒŒ Thinking Space
51%
β™Šβ™Žβ™’ Zodiac
43%
𝛋 Kappa
18%
πŸ”•β­•β­• Silent Circles
18%
🌌πŸŒͺ️ Cosmic Cyclone
17%
🀌- Fingerdash
14%
πŸ§ŠπŸ’‘ Arctic Lights
10%
No matching quizzes found
Score Distribution
Percent of People with Each Score
Percentile by Number Answered
Your Score History
You have not taken this quiz